Pro-drop in Chinese : a generalized control theory

Bibliographic Details
Published in:The Null parameter, ed. by O. Jaeggli, K.J. Safir, Dordrecht, 1989, P.185-214 (Studies in natural language and linguistic theory)
Main Author: Huang, C.-T. James
Content type: Article
Published: 1989
Source:MPIPL_cat

MARC

LEADER 00000naa a2200000 u 4500
001 PL0039182
003 PLI01000000000000000039074
005 00000000000000.0
008 ||| u
100 1 |a Huang, C.-T. James 
245 0 0 |a Pro-drop in Chinese  |b a generalized control theory  |c C.T.J. Huang 
260 |c 1989 
773 0 8 |t The Null parameter  |a ed. by O. Jaeggli, K.J. Safir  |d Dordrecht, 1989  |g P.185-214  |k Studies in natural language and linguistic theory  |w MPIPL_cat.PL0039176  |z 1-55608-087-5  |i In: 
952 |j 1989  |h P.185-214 
996 |a Aufsatz 
997 |a book chapter